01238nam a2200301Ia 450000500170000000800410001702000150005810000250007324500790009825000190017730000430019650000650023965000360030465000400034065000350038065000330041570000380044894200150048626400270050133600270052833700330055533800280058804000350061608400110065199900150066295201320067795201270080920220317000739.0160601s2002 sp a g 000 0 spa  a84206452811 aMaalouf, Amind1949-13aEl amor de lejos cAmin Maalouf ; traducción del francés Julia Escobar a1a. edición  a158 páginas bilustraciones c18 cm  aObra en cinco actos. Edición bilingue: francés-español142LEMBaTeatro libanes ySiglo XX142LEMBaliteratura libanesaySiglo XX142LEMBaMuerte en la literatura 142LEMBaAmor en la literatura 1 aEscobar, Juliaetraductor 953894 2loccBKLIT aMadrid bAlianzac2002 atextobtxt2rdacontent asin mediaciónbn2rdamedia avolumenbnc2rdacarrier aCO-BoRNBPbspaerdacCO-BoRNBP aT MAA2 c4942d4942 00102ddc40708GENaMEMAPIRIbMEMAPIRIcLITd2024-01-16l0oT MAA2pMAP00002627r2024-01-16 22:14:16tEj.1w2024-01-16yBKLIT 00102ddc40708GENaMEURIBEbMEURIBEcLITd2025-01-16l0oT MAA2pURI02217r2025-01-16 12:17:03tEj.1w2025-01-16yBKLIT